| 000 | 00383nam a2200133Ia 4500 | ||
|---|---|---|---|
| 008 | 210430s9999 xx 000 0 und d | ||
| 020 | _a3716-3716-3715-3715 | ||
| 082 | _a100 S5618 F | ||
| 100 | _aDr Mahmood Ali Sydney | ||
| 245 |
_aFalsafa Science aur kainaat (urdu) / _cDr Mahmood Ali Sydney |
||
| 260 |
_aLahore _bAL-Faisal Nasharan _c2005 |
||
| 300 | _a292p. | ||
| 942 |
_cBK _2ddc |
||
| 999 |
_c564500 _d564500 |
||